000 00562nam a2200205Ia 4500
005 20250508165044.0
008 008 250505s9999 xx 000 0 hin d
037 _aTextual
040 _aFEDL
_beng
_cFEDL
041 _ahin
_2hin
084 _a891.431, SHA
_qFEDL
100 _aSharma Ram Bilas
245 0 _aNai kavita aur astitwavad
260 _aNew Delhi, India
_bRajkamal Prakashan
_c1993
300 _a298p.
365 _aINR
_b6000
546 _aMACESE/SIX VOLUME SET
942 _cTEXL
_h891.431, SHA
999 _c1392872
_d1392872